000 00639nam a22001937a 4500
999 _c173727
_d173727
005 20200305170710.0
010 _aENG-128005
020 _a9789353286958
_c1295.00
035 _aEN-111537
037 _bDBAD/PUB
082 _a305.697
100 _aZfar Iqbal
245 _aIslamophobia:
_cby Zfar Iqbal
_bhistory Context and deconstruction/
260 _aNew Delhi
_bSage Publication India
_c2020
270 _aB1/1-1 Mohan Cooperative Industrial Area Mathura Road
_bNew Delhi
_e110044
300 _axiii;316p.
_c22cm(hb)
500 _aincludes bibliographical references and index
942 _2ddc
_cEN
_h305.697
_mZAF